000 007720000a22002050004500
090 _aAR
_b03388
245 1 0 _aColorimetric and morphometric gradients in colombian populations of dusky antbirds (<Cercomacra tyrannina>), with a description of a new species, Cercomacra parkeri
500 _a<Colección Aves>
650 1 4 _aOrnitología
_993189
650 1 4 _aMorfología animal
_99953
650 1 4 _aTaxonomía animal
_98245
650 1 4 _aEcogeografía
_912220
650 1 4 _aPatrones de color
_996976
651 4 _lCordillera central, Occidental
_pColombia
_992749
653 _gCercomacra
_eCercomacra tyrannina
_vhormigueros
653 _gCercomacra
_eCercomacra Parkeri
041 0 _aInglés
942 _cARTICULO
773 1 _tOrnithological Monographs
_h48
_q21-35
_d1997
999 _c12439
_d12439